Normal view
MARC view
Entry Personal Name
001 - CONTROL NUMBER
- control field: 13769
003 - CONTROL NUMBER IDENTIFIER
- control field: BD-RjUL
005 - DATE AND TIME OF LATEST TRANSACTION
- control field: 20241009115851.0
008 - FIXED-LENGTH DATA ELEMENTS
- fixed length control field: 241009|| aca||aabn | a|a d
040 ## - CATALOGING SOURCE
- Original cataloging agency: BD-RjUL
- Transcribing agency: BD-RjUL
100 ## - HEADING--PERSONAL NAME
- Personal name: Disbrey, Brenda Doris
670 ## - SOURCE DATA FOUND
- Source citation: Work cat.: (BD-RjUL)84100: Disbrey, Brenda Doris., Histological laboratory methods /, 1970.